Future of entrepreneurship in Africa: (Record no. 1308472)

MARC details
000 -LEADER
fixed length control field 01122nam a22002897a 4500
005 - DATE AND TIME OF LATEST TRANSACTION
control field 20250404160907.0
008 - FIXED-LENGTH DATA ELEMENTS--GENERAL INFORMATION
fixed length control field 250404b |||||||| |||| 00| 0 eng d
020 ## - INTERNATIONAL STANDARD BOOK NUMBER
International Standard Book Number 978-1-032-29847-4 (pbk)
037 ## - SOURCE OF ACQUISITION
Terms of availability TB
040 ## - CATALOGING SOURCE
Original cataloging agency CRL
Transcribing agency CRL
041 ## - LANGUAGE CODE
Source of code eng
Language code of text/sound track or separate title eng
084 ## - COLON CLASSIFICATION NUMBER
Classification number X5.6 R4
Assigning agency CRL
245 ## - TITLE STATEMENT
Title Future of entrepreneurship in Africa:
Remainder of title Cross-sectoral perspectives post COVID-19
260 ## - PUBLICATION, DISTRIBUTION, ETC.
Place of publication, distribution, etc. New York, USA;
Name of publisher, distributor, etc. Routledge,
Date of publication, distribution, etc. 2024,
300 ## - PHYSICAL DESCRIPTION
Extent xi, 166p.
365 ## - TRADE PRICE
Price amount 44.99
Currency code UKP
650 ## - SUBJECT ADDED ENTRY--TOPICAL TERM
Topical term or geographic name entry element Business
650 ## - SUBJECT ADDED ENTRY--TOPICAL TERM
Topical term or geographic name entry element Economics
700 ## - ADDED ENTRY--PERSONAL NAME
Personal name Hinson, Robert E. (Editor)
9 (RLIN) 751857
700 ## - ADDED ENTRY--PERSONAL NAME
Personal name Odame, Nyarko Anyamesem (Editor)
9 (RLIN) 751858
700 ## - ADDED ENTRY--PERSONAL NAME
Personal name Twum, Kojo Kakra (Editor)
9 (RLIN) 751859
700 ## - ADDED ENTRY--PERSONAL NAME
Personal name Rambe, Patient (Editor)
9 (RLIN) 751860
700 ## - ADDED ENTRY--PERSONAL NAME
Personal name Igwe, Paul Agu (Editor)
9 (RLIN) 751861
700 ## - ADDED ENTRY--PERSONAL NAME
Personal name Rugara, David Gamariel (Editor)
9 (RLIN) 751862
942 ## - ADDED ENTRY ELEMENTS (KOHA)
Source of classification or shelving scheme Colon Classification (CC)
Koha item type Textbook
Classification part X5.6 R4
Suppress in OPAC No
Holdings
Withdrawn status Lost status Source of classification or shelving scheme Damaged status Not for loan Home library Current library Date acquired Source of acquisition Cost, normal purchase price Inventory number Total Checkouts Full call number Barcode Date last seen Price effective from Koha item type
    Colon Classification (CC)     Central Library Central Library 2025-04-04 Efficient Book Distributors 44.99 9401 & 2024-12-19   X5.6 R4 CL1682176 2025-04-04 2025-04-04 Textbook
Copyright @ Delhi University Library System